| 000 | 00000nam##2200000za#4500 |
| 001 | 9.695537 |
| 003 | CaOODSP |
| 005 | 20210927150502 |
| 007 | cr ||||||||||| |
| 008 | 150407|1998||||xxc|||||o f|0| 0 eng|d |
| 040 | |aCaOODSP|beng |
| 043 | |an-cn--- |
| 086 | 1 |aR34-7/1-1998E-PDF |
| 110 | 1 |aCanada. |bIndian and Northern Affairs Canada. |
| 245 | 10|aJurisdictional responsibilities for land resources, land use and development in the Yukon Territory and Northwest Territories. Yukon First Nations settlement areas / |h[electronic resource]|cPublished under the authority of the Minister of Indian Affairs and Northern Development. |
| 246 | 1 |iVariant title : |aYukon First Nations settlement areas |
| 260 | |aOttawa - Ontario : |bIndian and Northern Affairs |c1998. |
| 300 | |a56p.|bmap |
| 500 | |a"Jurisdictional responsibilities. Book one"--p.1 of 56. Book two (R34-7/2-1998E-PDF) ; Book three (R34-7/3-1998E-PDF) ; Book four (R34-7/4-1998E-PDF). The catalogue number (r34-7/1-1998e) and ISBN (0-662-26949-7) for the print edition have been incorrectly copied in this electronic publication. |
| 590 | |a12-09-Supp|b2012-03-21 |
| 690 | 07|aIndigenous lands|2gcpds |
| 690 | 07|aLand claims|2gcpds |
| 690 | 07|aLand management|2gcpds |
| 775 | 08|tPartage des compétences en matière de ressources foncières et d'utilisation et d'aménagement des terres au Yukon et dans les Territoires du Nord-ouest. Terres visées par l'Accord-cadre définitif avec le Conseil des Premières Nations du Yukon / |w(CaOODSP)9.639670 |
| 856 | 40|ahttp://publications.gc.ca|qPDF|s629 KB|uhttps://publications.gc.ca/collections/Collection/R34-7-1-1998E.pdf |
| 986 | |aQS-8574-000-EE-A1 |